The hammer of Eden: (Record no. 7601)

000 -LEADER
fixed length control field 00833cam a22002415a 4500
001 - CONTROL NUMBER
control field 11776906
005 - DATE AND TIME OF LATEST TRANSACTION
control field 20160229094242.0
008 - FIXED-LENGTH DATA ELEMENTS--GENERAL INFORMATION
fixed length control field 990818s1999 nyu eng
010 ## - LIBRARY OF CONGRESS CONTROL NUMBER
LC control number 99091072
020 ## - INTERNATIONAL STANDARD BOOK NUMBER
International Standard Book Number 0449227545 (paperback)
040 ## - CATALOGING SOURCE
Original cataloging agency DLC
Language of cataloging eng
Transcribing agency DLC
Modifying agency DLC
042 ## - AUTHENTICATION CODE
Authentication code pcc
100 1# - MAIN ENTRY--PERSONAL NAME
Personal name Follett, Ken.
Dates associated with a name 1999
245 14 - TITLE STATEMENT
Title The hammer of Eden:
Statement of responsibility, etc. Ken, Follett.
250 ## - EDITION STATEMENT
Edition statement 1st ed.
260 ## - PUBLICATION, DISTRIBUTION, ETC. (IMPRINT)
Place of publication, distribution, etc. New York:
Name of publisher, distributor, etc. Fawcett Crest,
Date of publication, distribution, etc. 1999.
300 ## - PHYSICAL DESCRIPTION
Extent 436 p. :
Dimensions 18 cm
856 42 - ELECTRONIC LOCATION AND ACCESS
Materials specified Contributor biographical information
Uniform Resource Identifier <a href="http://www.loc.gov/catdir/bios/random0510/99091072.html">http://www.loc.gov/catdir/bios/random0510/99091072.html</a>
856 42 - ELECTRONIC LOCATION AND ACCESS
Materials specified Publisher description
Uniform Resource Identifier <a href="http://www.loc.gov/catdir/description/random048/99091072.html">http://www.loc.gov/catdir/description/random048/99091072.html</a>
906 ## - LOCAL DATA ELEMENT F, LDF (RLIN)
a 0
b ibc
c orignew
d 2
e epcn
f 19
g y-gencatlg
942 ## - ADDED ENTRY ELEMENTS (KOHA)
Source of classification or shelving scheme
Koha item type Hard Covered Materials
Classification part PR6056.O45 1999
Holdings
Withdrawn status Lost status Source of classification or shelving scheme Damaged status Not for loan Home library Current library Date acquired Source of acquisition Total Checkouts Full call number Barcode Date last seen Price effective from Koha item type
          MACHAKOS UNIVERSITY LIBRARY MACHAKOS UNIVERSITY LIBRARY 06/10/2015 Donation (B.F.A)   PR6056.O45 1999 12483 06/10/2015 06/10/2015 Hard Covered Materials
© Machakos University Library, Along The Highway, Machakos Wote Rd, Machakos, Kenya P.O. Box 136 - 90100 Machakos - Kenya

Tel: ( +254 ) 723 805829 OR Fax : 044-20353 OR Email: library@mksu.ac.ke